kpop alphabet song (medium) - Statistics

General Stats
  • This quiz has been taken 87 times
  • The average score is 11 of 26
Answer Stats
Letter
Group Answer % Correct
Z Nct aespa Zoo
71%
F Izone Fiesta
68%
I Itzy Icy
68%
L Gidle Latata
64%
U Kep1er Up
64%
E Le sserafim Eve psyche and the Bluebeard’s wife
60%
Y Jennie You and me
57%
J SuperM Jopping
56%
D Treaure Darari
46%
K P1harmony Killin it
44%
M Jhope Mona lisa
44%
W Gidle Wife
44%
Q Stray kids Question
42%
G GD X taeyang Good boy
40%
P Got7 Python
39%
C Nct dream Candy
36%
T Exo Tempo
33%
H Aespa Hold on tight
32%
S Shinee Sherlock
32%
A Stray kids All in
28%
O Exo-K Overdose
28%
R Nct 127 Regular
26%
X Xikers Xikey
18%
V Block b Very good
15%
B Oneus Black mirror
14%
N Everglow No lie
13%
No matching quizzes found
Score Distribution
Percent of People with Each Score
Percentile by Number Answered
Your Score History
You have not taken this quiz